000 08665namaa22004451i 4500
003 EG-GICUC
005 20260419160714.0
008 260419s2025 ua a|||frm||| 000 0 eng d
040 _aEG-GICUC
_beng
_cEG-GICUC
_dEG-GICUC
_erda
041 0 _aeng
_beng
_bara
049 _aDeposit
082 0 4 _a616.3623
092 _a616.3623
_221
097 _aM.Sc
099 _aCai01.12.02.M.Sc.2025.No.C
100 0 _aNourhan Mahmoud Abdel Moneim,
_epreparation.
245 1 0 _aCorrelation between vitamin D And chronic hepatitis C Virus in egyptian patients /
_cby Nourhan Mahmoud Abdel Moneim ; Supervision Prof. Dr. Mohamed Ali El-Desouky, Dr. Demiana Badry Helmy Hanna, Dr. Amal Ahmed Mohamed.
246 1 5 _aالعلاقة بين فيتامين د والالتهاب الكبدي الفيروسي سي المزمن في المرضي المصريين
264 0 _c2025.
300 _a170 pages :
_billustrations ;
_c25 cm. +
_eCD.
336 _atext
_2rda content
337 _aUnmediated
_2rdamedia
338 _avolume
_2rdacarrier
502 _aThesis (M.Sc)-Cairo University, 2025.
504 _aBibliography: pages 143-170.
520 3 _aBackground: Hepatitis C virus (HCV) is a worldwide epidemic, and it is the highest widespread blood-transmitted infectious viruses which replication occurs in the liver. Nowadays, chronic hepatitis C (CHC) is a very serious health problem. Every year, about 1.5 million newly identified cases of CHC are reported, and 58 million individuals worldwide live with this condition. Objective: The primary objective of this study is to investigate the impact of vitamin D levels in patients diagnosed with hepatitis C in comparison to healthy control subjects. Additionally, the study aims to examine the correlation between diabetes mellitus and variations in hepatitis C viral load among infected patients. Furthermore, it seeks to assess the effect of antiviral treatment using sofosbuvir-containing regimens and vitamin D supplementations on biochemical parameters in patients with hepatitis C. Subjects, material and methods: The current study was conducted on two hundred participants; one hundred of them were chronic HCV patients, and the other one hundred were healthy participants as the control group. For every participant the levels of aspartate aminotransferase (AST), alanine aminotransferase (ALT), total bilirubin, direct bilirubin, ɤ-glutamyl transferase (GGT), albumin, urea, creatinine, triglycerides, total cholesterol, low-density lipoprotein (LDL), high-density lipoprotein (HDL), and glycated hemoglobin A1c (HbA1c) were detected by using the Mindray BA-88A device. While the levels of alpha fetoprotein (AFP), vitamin D, tumor necrosis factor alpha (TNF-α), interleukin-6 (IL-6), and thyroid stimulating hormone (TSH) were estimated by using the ELISA technique. Also, the viral load of HCV was detected using HCV PCR by MX3000 real time PCR equipment. Results: The current study results showed that there was a significant increase regarding to liver function tests, renal function tests, HbA1c, WBCs, INR, the IL-6 and TNF-α, sun exposure levels, and TSH in HCV patients compared to the control group (P <0.05). While there was a significant decrease regarding to triglycerides, total cholesterol, LDL, and HDL, albumin, Hb, and platelets in HCV patients compared to the control group (P <0.05). Also, the vitamin D levels were slightly decreased, but not enough to be a significant change between the HCV patients and the control group (P > 0.05). Conclusion: Treatment of HCV patients using sofosbuvir-containing regimens improved the liver, renal, lipid profile, and inflammatory parameters.
520 3 _aمقدمة: يُعد فيروس التهاب الكبد الوبائي سي وباءً عالميًا، وهو أكثر الفيروسات المعدية انتشارًا والتي تنتقل عبر الدم، ويتكاثر في الكبد. ويُعدّ التهاب الكبد الوبائي سي المزمن حاليًا مشكلة صحية بالغة الخطورة. ففي كل عام، تُسجّل حوالي 1.5 مليون حالة إصابة جديدة بالتهاب الكبد الوبائي سي، ويعاني 58 مليون شخص حول العالم من هذه الحالة. الهدف: الهدف الرئيسي لهذه الدراسة هو دراسة تأثير مستويات فيتامين د لدى مرضى التهاب الكبد الوبائي سي مقارنة بالمجموعة الضابطة الأصحاء ˖ بالإضافة الي ذلك تهدف الدراسة الي دراسة العلاقة بين داء السكري واختلاف الحمل الفيروسي لالتهاب الكبد الوبائي سي لدي المرضي المصابين˖ علاوة علي ذلك تسعي الدراسة الي تقييم اثار العلاج المضاد للفيروسات باستخدام أنظمة علاجية تحتوى علي سوفوسبوفير ومكملات فيتامين د علي المعايير الكيميائية الحيوية لدي مرضي الكبد الوبائي سي˖ المواد والطرق: أُجريت الدراسة الحالية على مئتي مشارك؛ مئة منهم مصابون بفيروس التهاب الكبد الوبائي سي المزمن، ومئة آخرون أصحاء كمجموعة ضابطة مشاركون أصحاء. تم الكشف عن مستويات إنزيم ناقلة أمين الأسبارتات، وإنزيم ناقلة أمين الألانين، إنزيم ناقلة جاما جلوتاميل، البيليروبين الكلي، والبيليروبين المباشر، الألبومين، اليوريا، الكرياتينين، الدهون الثلاثية، والكوليسترول الكلي، البروتين الدهني عالي الكثافة، البروتين الدهني منخفض الكثافة، والهيموغلوبين السكري لكل المشاركين أيضا تم اجراء تعداد الدم الكامل و قياس مستويات كل من ألفا فيتوبروتين، الهرمون المحفز للغدة الدرقية، ومؤشرات الالتهاب مثل إنترلوكين-6 وعامل نخر الورم ألفا، فيتامين د، و لمرضى التهاب الكبد الوبائي سي تم قياس تفاعل البوليميراز المتسلل لفيروس التهاب الكبد سي ˖ النتائج: أظهرت نتائج الدراسة الحالية ارتفاعًا ملحوظًا في كلٍّ من إنزيم ناقلة أمين الأسبارتات، وإنزيم ناقلة أمين الألانين، ألفا فيتوبروتين، إنزيم ناقلة جاما جلوتاميل، البيليروبين المباشر، البيليروبين الكلي، الكرياتينين، اليوريا، والهيموغلوبين السكري، ومؤشرات الالتهاب مثل إنترلوكين-6 وعامل نخر الورم ألفا، النسبة المعيارية الدولية، كرات الدم البيضاء، الهرمون المحفز للغدة الدرقية، و معدلات التعرض لأشعة الشمس مقارنة بالمجموعة الضابطة˖ في حين لوحظ انخفاض ملحوظ في مستوى الدهون (مثل الدهون الثلاثية، الكوليسترول الكلى، البروتين الدهني عالي الكثافة، و البروتين الدهني منخفض الكثافة) ، والألبومين والهيموغلوبين والصفائح الدموية، كما انخفضت مستويات فيتامين د بشكل طفيف ولكن ليس بدرجة كافية لإحداث تغيير ملحوظ بين مرضى التهاب الكبد الوبائي سي مقارنةً بالمجموعة الضابطة
530 _aIssues also as CD.
546 _aText in English and abstract in Arabic & English.
650 0 _aChronic Hepatitis C Virus
650 0 _aالالتهاب الكبدي الفيروسي سي
653 1 _aHCV
_avitamin D
_areal time PCR
_asofosbuvir-containing regimens
_aفيرس التهاب الكبد الوبائى سى
_aفيتامين د
700 0 _aMohamed Ali El-Desouky
_ethesis advisor.
700 0 _aDemiana Badry Helmy Hanna
_ethesis advisor.
700 0 _aAmal Ahmed Mohamed
_ethesis advisor.
900 _b01-01-2025
_cMohamed Ali El-Desouky
_cDemiana Badry Helmy Hanna
_cAmal Ahmed Mohamed
_UCairo University
_FFaculty of Science
_DDepartment of Chemistry
905 _aShimaa
942 _2ddc
_cTH
_e21
_n0
999 _c179586